| 000 | 02925cam a2200457 a 4500 | ||
|---|---|---|---|
| 001 | 7916219 | ||
| 003 | ARRUPE | ||
| 005 | 20140123164456.0 | ||
| 006 | m d | ||
| 007 | cr n | ||
| 008 | 071218s2008 enka sb 001 0 eng d | ||
| 015 |
_aGBA825145 _2bnb |
||
| 016 | 7 |
_a014536972 _2Uk |
|
| 020 | _a9780521865999 (hardback : alk. paper) | ||
| 020 | _a0521865999 (hardback : alk. paper) | ||
| 020 | _a9780521685009 (pbk. : alk. paper) | ||
| 020 | _a0521685001 (pbk. : alk. paper) | ||
| 035 | _a(WaSeSS)ssj0000371695 | ||
| 040 |
_aDLC _cDLC _dDLC _dWaSeSS |
||
| 050 | 4 |
_aBF109.J8 _bC36 2008 |
|
| 082 | 0 | 0 |
_a150.19/4092 _222 |
| 100 |
_aYoung-Eisendrath, Polly _97014 |
||
| 210 | 1 | 0 | _aThe Cambridge companion to Jung |
| 245 | 0 | 4 |
_aThe Cambridge companion to Jung _h[electronic resource] / _cedited by Polly Young-Eisendrath and Terence Dawson. |
| 250 | _a2nd ed. | ||
| 260 |
_aCambridge, UK ; _aNew York : _bCambridge University Press, _c2008. |
||
| 300 |
_axxxvii,340p.; _c23cm. |
||
| 440 | 0 |
_aCambridge companions _97015 |
|
| 504 | _aIncludes bibliographical references and index. | ||
| 505 | 0 | _aNew developments in the post-Jungian field / Andrew Samuels -- Jung's ideas and their context -- The historical context of analytical psychology / Claire Douglas -- Freud, Jung, and psychoanalysis / Douglas A. Davis -- The creative psyche : Jung's major contributions / Sherry Salman -- Psychic imaging : a bridge between subject and object / Paul Kugler -- Analytical psychology in practice -- The classical Jungian school / David L. Hart -- The archetypal school / Michael Vannoy Adams -- The developmental school / Hester McFarland Solomon -- Transference and countertransference / Christopher Perry -- Me and my anima : through the dark glass of the Jungian/Freudian interface / Elio J. Frattaroli -- The case of Joan : classical, archetypal, and developmental approaches -- A classical approach / John Beebe -- An archetypal approach / Deldon McNeely -- A developmental approach / Rosemary Gordon -- Analytical psychology in society -- Jung and Buddhism : refining the dialogue / Polly Young-Eisendrath -- A Jungian analysis of Homer's Odysseus / Joseph Russo -- Literary criticism and analytical psychology / Terence Dawson -- Jung and politics / Lawrence R. Alschuler -- Jung and religion : the opposing self / Ann Belford Ulanov. | |
| 506 | _aLicense restrictions may limit access. | ||
| 600 | 1 | 0 |
_aJung, C. G. _q(Carl Gustav), _d1875-1961. _97016 |
| 650 | 0 |
_aPsychoanalysis. _97017 |
|
| 650 | 0 |
_aJungian psychology. _97018 |
|
| 700 | 1 |
_aYoung-Eisendrath, Polly, _d1947- _97019 |
|
| 700 | 1 |
_aDawson, Terence. _97020 |
|
| 773 | 0 | _tCambridge Companions Complete Collection | |
| 856 | 4 | 0 |
_uhttp://www.columbia.edu/cgi-bin/cul/resolve?clio7916219 _zFull text available from Cambridge Companions Complete Collection |
| 910 | _aLibrary of Congress record | ||
| 942 |
_2lcc _cMONOGRAPH |
||
| 999 |
_c119678 _d119678 |
||